A practical guide to contemporary pharmacy practice and compounding / (Record no. 29792)
[ view plain ]
| 000 -LEADER | |
|---|---|
| fixed length control field | 01756cam a22003858i 4500 |
| 001 - CONTROL NUMBER | |
| control field | 19780916 |
| 003 - CONTROL NUMBER IDENTIFIER | |
| control field | EG-ScBUE |
| 005 - DATE AND TIME OF LATEST TRANSACTION | |
| control field | 20220221102249.0 |
| 008 - FIXED-LENGTH DATA ELEMENTS--GENERAL INFORMATION | |
| fixed length control field | 170705s2018 paua f bf 001 0 eng d |
| 020 ## - INTERNATIONAL STANDARD BOOK NUMBER | |
| International Standard Book Number | 9781496321299 (pbk.) |
| 020 ## - INTERNATIONAL STANDARD BOOK NUMBER | |
| International Standard Book Number | 1496321294 (pbk.) |
| 035 ## - SYSTEM CONTROL NUMBER | |
| System control number | (DNLM)101708830 |
| 040 ## - CATALOGING SOURCE | |
| Original cataloging agency | DNLM/DLC |
| Language of cataloging | eng |
| Description conventions | rda |
| Transcribing agency | DLC |
| Modifying agency | EG-ScBUE |
| 082 04 - DEWEY DECIMAL CLASSIFICATION NUMBER | |
| Classification number | 615.1 |
| Edition number | 22 |
| Item number | ELD |
| 100 1# - MAIN ENTRY--PERSONAL NAME | |
| Personal name | Elder, Deborah Lester, |
| Relator term | author. |
| 9 (RLIN) | 36232 |
| 245 12 - TITLE STATEMENT | |
| Title | A practical guide to contemporary pharmacy practice and compounding / |
| Statement of responsibility, etc | Deborah Lester Elder, PharmD, RPh, BPharm, BS, Clinical Associate Professor, College of Pharmacy, University of Georgia, Athens, Georgia. |
| 250 ## - EDITION STATEMENT | |
| Edition statement | Fourth edition. |
| 264 #1 - PUBLICATION, DISTRIBUTION, ETC. (IMPRINT) | |
| Place of publication, distribution, etc | Philadelphia : |
| Name of publisher, distributor, etc | Wolters Kluwer, |
| Date of publication, distribution, etc | [2018] |
| 264 #4 - PUBLICATION, DISTRIBUTION, ETC. (IMPRINT) | |
| Date of publication, distribution, etc | c2018 |
| 300 ## - PHYSICAL DESCRIPTION | |
| Extent | xii, 739 pages : |
| Other physical details | illustrations (some color) ; |
| Dimensions | 28 cm |
| 336 ## - CONTENT TYPE | |
| Content type term | text |
| Source | rdacontent |
| Content type code | txt |
| 337 ## - MEDIA TYPE | |
| Media type term | unmediated |
| Source | rdamedia |
| Media type code | n |
| 338 ## - CARRIER TYPE | |
| Carrier type term | volume |
| Source | rdacarrier |
| Carrier type code | nc |
| 500 ## - GENERAL NOTE | |
| General note | Preceded by: A practical guide to contemporary pharmacy practice / Judith E. Thompson. 3rd ed. c2009. |
| 504 ## - BIBLIOGRAPHY, ETC. NOTE | |
| Bibliography, etc | Includes bibliographical references and index. |
| 505 0# - FORMATTED CONTENTS NOTE | |
| Formatted contents note | Processing the prescription -- Calculations -- Compounding drug preparations -- Pharmaceutical excipients -- Nonsterile dosage forms and their preparation -- Sterile dosage forms and their preparation -- Veterinary pharmacy -- Compatibility and stability. |
| 650 #7 - SUBJECT ADDED ENTRY--TOPICAL TERM | |
| Topical term or geographic name as entry element | Pharmacy |
| Form subdivision | Outlines, syllabi, etc. |
| Source of heading or term | BUEsh |
| 650 #7 - SUBJECT ADDED ENTRY--TOPICAL TERM | |
| Topical term or geographic name as entry element | Pharmacy |
| Form subdivision | Handbooks, manuals, etc. |
| Source of heading or term | BUEsh |
| 653 ## - INDEX TERM--UNCONTROLLED | |
| Resource For college | Pharmacy |
| Arrived date list | February2022 |
| 655 #2 - INDEX TERM--GENRE/FORM | |
| Genre/form data or focus term | Handbooks |
| Form subdivision | Reading book |
| 906 ## - LOCAL DATA ELEMENT F, LDF (RLIN) | |
| a | 7 |
| b | cbc |
| c | orignew |
| d | 1 |
| e | ecip |
| f | 20 |
| g | y-gencatlg |
| 942 ## - ADDED ENTRY ELEMENTS (KOHA) | |
| Source of classification or shelving scheme | Dewey Decimal Classification |
| Koha item type | Book - Borrowing |
| Withdrawn status | Lost status | Source of classification or shelving scheme | Damaged status | Not for loan | Collection code | Home library | Current library | Shelving location | Date acquired | Source of acquisition | Cost, normal purchase price | Serial Enumeration / chronology | Total Checkouts | Full call number | Barcode | Date last seen | Cost, replacement price | Price effective from | Koha item type |
|---|---|---|---|---|---|---|---|---|---|---|---|---|---|---|---|---|---|---|---|
| Dewey Decimal Classification | Baccah | Central Library | Central Library | First floor | 21/02/2022 | Purchase | 1980.00 | 36423 | 615.1 ELD | 000056152 | 15/07/2025 | 2475.00 | 21/02/2022 | Book - Borrowing |